10 największych wysp w Archipelagu Arktycznego - Statystyki

Ogólne statystyki
  • Ten quiz został rozwiązany 12 razy
    10 od ostatniego zresetowania
  • Średni wynik to 3 z 10
Statystyki odpowiedzi
Powierzchnia wyspy w km2 Odpowiedź % Poprawnych
507 451 Ziemia Baffina
88%
217 291 Wiktorii
63%
70 028 Banksa
50%
196 236 Ellesmere'a
25%
33 339 Księcia Walii
25%
43 178 Axela Heiberga
13%
55 247 Devon
13%
42 149 Melville’a
13%
24 786 Somerset
13%
41 214 Southampton
13%
Nie znaleziono quizów pasujących do podanych kryteriów
Rozkład punktacji
Procent ludzi z każdym wynikiem
Percentyl według liczby udzielonych odpowiedzi
Twoja historia wyników
Nie rozwiązałeś tego quizu od ostatniego zresetowania